01120nam a2200277 a 4500001000400000003001000004005001700014008004100031020001800072040002500090080002400115090002500139100004600164245014400210260003800354300002400392504002500416650003200441650002900473650002700502650003000529942001200559952012900571952012900700999001300829581BR-CuiBMT20231109215414.0231109s2007 mgba 000 0 por d a9788577001002 aBR-CuiBMTcBR-CuiBMT 22007a342.9:343.352 a342.9:343.352bM827a1 aMoraes, Antonio Carlos Flores de,d1947-  aAdministração pública transparente e responsabilidade do político /cAntonio Carlos Flores de Moraes ; prefácio, Adriano Pilatti. aBelo Horizonte :bFórum,c2007. a202 p.:bil.c22 cm aInclui bibliografia. aAdministração pública aCorrupção política aDireito administrativo aMoralidade administrativa 2udccLV 00102udc4070aBIBTCEMTbBIBTCEMTd2019-08-15l0o342.9:343.352 M827apBIBTCEMT23110385r2023-11-09tEx. 1w2023-11-09yLV 00102udc4070aBIBTCEMTbBIBTCEMTd2019-08-15l0o342.9:343.352 M827apBIBTCEMT23110386r2023-11-09tEx. 2w2023-11-09yLV c581d581